Degrassi Ultimate Quiz - Statistics

General Stats
  • This quiz has been taken 345 times
  • The average score is 16 of 34
Answer Stats
Question Answer % Correct
What is Miles's sexuality? Bisexual
94%
Who is Drew's brother? Adam
83%
Who is Clare's best friend? Alli
75%
What religion is Becky Baker? Christian
74%
What was Drake's character named? Jimmy
74%
Who Is Tristan's Ex Bestie? Maya
73%
Which male was the first gay character of the TNG series? Marco
72%
Who is Imogen Moreno's first love interest Eli
70%
Whatever it takes _ _ _ _ _ _ _ I know I can make it through
65%
Who was the first Queen Bee of Degrassi? Paige
65%
What disease does Maya and Hunter both suffer from? Depression
64%
Who is Miles's bestie? Winston
61%
What is Clare and Eli's ship name? Eclare
56%
What is Yael's pronoun? They/Them
55%
How Many Sophomores were there in the beginning of Season 15? 6
51%
What ship is Mola? (Who/Who) Miles/Lola
47%
What was the last name of Maya's dead ex Saunders
46%
Zoe was sexually assaulted by who? Luke Baker
43%
What country is Rasha and Saad from? Syria
43%
Where did Bianca and Drew first have sex? Boiler Room
42%
What disease does Imogen's father have? Dementia
42%
Who was the class of 2017 Prom Queens? Zoe and Rasha
35%
Who was the first ever Degrassi death? From the TNG run? J.T. Yorke
32%
Who was the only Senior in the class of 2020 that didn't graduate? Esme
31%
Where did Tristan and Miles first kiss? Paris
30%
What is Grace's last name? Cardinal
29%
What season did the Degrassi building catch on fire? Season 14
27%
Who was Shay's first crush? Dallas
24%
Who was Maya's first cyberbully Zoe Rivas
17%
What is Maya and Miles's ship name? Matlingsworth
15%
What is Rasha's last name? Zuabi
11%
What song did Maya base off of her relationship with Zig? Yes I Will
8%
What is Saad's sister name? Abra
7%
Which was the second group to cyberbully Maya The Gaming Club
4%
No matching quizzes found
Score Distribution
Percent of People with Each Score
Percentile by Number Answered
Your Score History
You have not taken this quiz